| 000 | 004410000a22001690004500 | ||
|---|---|---|---|
| 003 | MACL | ||
| 005 | 20151231160807.0 | ||
| 008 | 151231b xxu||||| |||| 00| 0 eng d | ||
| 040 |
_aMACL _cMACL |
||
| 041 | _aEnglish | ||
| 082 | _a370/PRE | ||
| 100 |
_aKerschensteiner, Dr Georg _925909 |
||
| 245 | _aEducation for Citizenship | ||
| 260 |
_bGeorge G Harrap & Co Ltd _c1915 _aLondon |
||
| 650 |
_aEducation _925910 |
||
| 942 |
_cBK _k370/PRE _2ddc |
||
| 999 |
_c37293 _d37293 |
||